000 00662nam a22002297a 4500
005 20170124105949.0
010 _a182129
020 _c00.00
035 _a182129
037 _bCen Lib/Ret
040 _aDPL
_bEN
082 _a291
_bPAR
100 _aParrinder, Geoffrey
_912991
245 _aWorship in the world's religions /
_cby Geoffery Parrinder
260 _aLondon
_bFaber and Faber
_c1961
270 _a24 Russell Square
_bLondon
_eW.C.1
300 _a239p.
_c21cm(Hb)
500 _aIncludes bibliographical references and index.
650 _aWorship
_912992
650 _aWorld religion
_912993
942 _2ddc
_cEN
_h291
_mPAR
999 _c125095
_d125095